000
00185 a2200097 4500
020
_a
0525449035
041
_a
spa
100
_a
Paulo.Zelinsky
245
_a
El Enano Saltarin
942
_c
K
999
_c
26089
_d
26089